000 00343nam a2200133Ia 4500
008 240624s9999 xx 000 0 und d
041 _aeng
082 _a657 KIS
100 _aKISHORE RAVI M
245 _aADVANCED ACCOUNTING WITH ACCOUNTING STAN
260 _c2004
_aNew Delhi
_bTaxmann
300 _axxxvi, : 971 : p. : cm. ; 24
365 _cRS
999 _c2566
_d2566